Evidence on inter-generational income mobility in Britain

Enregistré dans:
Détails bibliographiques
Auteur principal: Atkinson, Anthony B.
Autres auteurs: Maynard, A.K, Trindei, C.G
Format: Livre
Langue:anglais
Publié: México Colegio Nacional de Economistas 1980
Tags: Ajouter un tag
Pas de tags, Soyez le premier à ajouter un tag!

MARC

LEADER 00000nam a2200000 4500
001 c140059
005 20041019155317.7
041 0 |a eng 
044 |a MX 
245 1 0 |a Evidence on inter-generational income mobility in Britain  |c A.B. Atkinson, A.K. Maynard, C.G. Trindei 
264 1 |a México  |b Colegio Nacional de Economistas  |c 1980 
300 |a 28 s. 
100 1 |a Atkinson, Anthony B. 
700 1 |a Maynard, A.K. 
700 1 |a Trindei, C.G.